00350 a2200109 4500001000900000005001700009008004100026245005700067100002700124773007200151999001700223ART_333620260410161714.0260409a 10aJosé Luis Romero y su lugar en la historiografía1 aHalperin Donghi, Tulio0 tDesarrollo económicog- Vol. 20, Nº 78 (jul./sep. 1980)wREV1174 c16338d16338